Pied gauche ou pied droit (football) - Statistiques

Statistiques générales
  • Ce quiz a été pris 572 fois
  • Le résultat moyen est 9 sur 15
Statistiques - réponses
Question Réponse % Correct
Sergio Aguero Droit
94%
Mohamed Salah Gauche
92%
Paul Pogba Droit
86%
Mesut Ozil Gauche
83%
Riyad Mahrez Gauche
81%
Sebastian Haller Droit
69%
Kasper Schmeichel Droit
69%
Miguel Almiron Gauche
69%
Ben Chilwell Gauche
67%
Hugo Lloris Gauche
56%
Romain Saiss Gauche
44%
Olivier Giroud Gauche
42%
Jordan Pickford Gauche
28%
Jannik Vestergaard Gauche
25%
Tim Krul Gauche
17%
Aucun quiz correspondant
Distribution des résultats
% des personnes avec chaque résultat
Percentile par nombre de réponses
Votre historique - résultats
Vous n’avez pas pris ce quiz